| 000 | 01778cam a22002774i 4500 | ||
|---|---|---|---|
| 001 | 40390 | ||
| 003 | BD-RjUL | ||
| 005 | 20211209053213.0 | ||
| 008 | 110216s2013 ii a b 001 0 eng c | ||
| 020 | _a9789382264095 | ||
| 020 | _a9780804775960 (pbk. : alk. paper) | ||
| 035 | _a(BD-RjUL)40505 | ||
| 040 |
_aCSt/DLC _beng _cDLC _erda _dDLC |
||
| 041 | _aeng | ||
| 082 | 0 | 0 |
_223 _a327.5 _bASI 2013 |
| 245 | 0 | 0 |
_aAsian rivalries : _bconflict, escalation, and limitations on two-level games / _cedited by Sumit Ganguly and William R. Thompson. |
| 260 |
_aStanford, California : _bStanford Security Series, an imprint of Stanford University Press, _c2013 |
||
| 300 |
_avii, 259 pages : _billustrations ; _c24 cm. |
||
| 504 | _aIncludes bibliographical references and index. | ||
| 505 | 0 | _aConflict propensities in Asian rivalries / Sumit Ganguly and William R. Thompson -- China and Taiwan : balance of rivalry with weapons of mass democratization / Andrew Scobell -- Domestic politics and the U.S.-China rivalry / Lyle J. Goldstein -- Peace and conflict in the Indo-Pakistani rivalry : domestic and strategic causes / S. Paul Kapur -- Instability in Tibet and the Sino-Indian strategic rivalry : do domestic politics matter? / Manjeet S. Pardesi -- The Sino-Russian partnership : the end of rivalry? / Lowell Dittmer -- The rivalry between the two Koreas / Samuel S. Kim -- Asymmetric rivals : China and Vietnam / Brantly Womack -- Two-level games in Asian rivalries / Sumit Ganguly and William R. Thompson. | |
| 651 | 0 |
_aAsia _xForeign relations _y1945- _9124422 |
|
| 651 | 0 |
_aAsia _xPolitics and government _y1945- _9117841 |
|
| 700 | 1 |
_aGanguly, Sumit, _eeditor of compilation. _9124423 |
|
| 700 | 1 |
_aThompson, William R., _eeditor of compilation. _9124424 |
|
| 942 |
_2ddc _cBK |
||
| 999 |
_c40390 _d40390 |
||